Евристичните подходи в обучението (Запис номер 87563)
[ съкратено ]
| 000 -Лидер | |
|---|---|
| Контролно поле с фиксирана дължина | 01750nam a2200361 c 4500 |
| 003 - Код на организацията, давaща контролен номер | |
| Контролно поле | BLK |
| 005 - Дата и час на последна редакция | |
| Контролно поле | 20180420225040.0 |
| 008 - Елементи от данни с фиксирана дължина | |
| fixed length control field | 180408b bul|||||r ||||||| ||bul|| |
| 010 ## - Наследен системен номер | |
| LC control number | KNG00092206000 |
| 040 ## - Източник на каталожния запис | |
| Идентификатор на билиотеката - собственик на записа | BLK |
| 041 ## - Код за език | |
| Код за езика на текст/звукозапис или на отделно заглавие | Български |
| Код за езика КДБФ | Български |
| 080 ## - УДК | |
| Текстов определител УДК | Педагогическа психология |
| УДК код - определител по УДК | 37.015.3 |
| УДК определител | |
| УДК - код + определител | 37.015.3 |
| 080 ## - УДК | |
| Текстов определител УДК | Дидактични принципи - Научност, естественост, нагледност, многостранност, самостоятелност, творческо мислене и дейност |
| УДК код - определител по УДК | 37.026 |
| УДК определител | |
| УДК - код + определител | 37.026 |
| 080 ## - УДК | |
| Текстов определител УДК | Мислене. Представа - Абстракция. Подбор. Сравнение. Размисъл. Преценка. Мнение. Умозаключение. Индукция. Дедукция. Евристика. Мислене и говорене. Рефлексия (психол.) |
| УДК код - определител по УДК | 159.955 |
| УДК определител | |
| УДК - код + определител | 159.955 |
| 100 1# - Редна дума - Автор | |
| Автор | Армутлийска, Донка Райнова |
| Авторска отговорност | първи автор |
| R(LIN) | 33487 |
| 139 ## - Редно поле | |
| Редна дума | Армутлийска, Донка Райнова |
| Авторски знак | Арм - А 86 |
| 245 10 - Сведения за заглавието | |
| Заглавие | Евристичните подходи в обучението |
| Редно поле (дума) | Донка Райнова Армутлийска. |
| 257 ## - Страна на издаване | |
| Страна на създаване/издаване | България |
| 260 ## - Област на издателските данни | |
| -- | Варна |
| Име на издателя, разпространителя и проч. | ИПКУ Д-р Петър Берон |
| Година на издаване | 1986 |
| 300 ## - Физическа характеристика | |
| Страници | 194 с. |
| Размери/Мащаб | 20 см |
| 380 ## - Жанр | |
| Жанр | Обществени науки |
| 650 #4 - Допълнително описание по предмет – тема | |
| Основно описание – тема или топоним | Детска и педагогическа психология |
| 9 (RLIN) | 244538 |
| 650 #4 - Допълнително описание по предмет – тема | |
| Основно описание – тема или топоним | Дидактика |
| 9 (RLIN) | 153380 |
| 650 #4 - Допълнително описание по предмет – тема | |
| Основно описание – тема или топоним | Евристика |
| 9 (RLIN) | 154159 |
| 653 ## - Ключова дума – ненормативна | |
| Ключова дума | педагогика |
| 653 ## - Ключова дума – ненормативна | |
| Ключова дума | мислене |
| 653 ## - Ключова дума – ненормативна | |
| Ключова дума | евристика |
| 852 ## - Местоположение | |
| Форматна сигнатура | Цб 145171 |
| 856 4# - Електронен адрес и достъп | |
| Електронен формат | pdf - файл |
| Път до файла /url/ | |
| 856 4# - Електронен адрес и достъп | |
| Електронен формат | pdf - файл |
| Път до файла /url/ | |
| 942 ## - АРТИКУЛИ | |
| Вид на библиотечния материал | Книги |
| Скрит в OPAC | Не |
| 944 ## - СЪЗДАВАНЕ И РЕДАКЦИЯ на ЗАПИСА | |
| Създаване/Редакция | Създаване |
| Дата на регистрацията/редакция | 20.03.2012 |
| Служител, извършил регистрацията/редакцията | Кети_Илиева |
| 944 ## - СЪЗДАВАНЕ И РЕДАКЦИЯ на ЗАПИСА | |
| Създаване/Редакция | Редакция |
| Дата на регистрацията/редакция | 20.03.2012 |
| Служител, извършил регистрацията/редакцията | |
| 999 ## - СИСТЕМНИ КОНТРОЛНИ НОМЕРА | |
| Koha biblionumber | 87563 |
| Koha biblioitemnumber | 87563 |
| Код за отписване | Код за изгубен артикул | Източник на класификационната схема | Код за повреда | Коз за рестрикции | Код за отдаване | Артикулен № | Име на библиотеката - собственик | Име на библиотеката, в която се намира в момента | Статус (Текущо местоположение) | Дата на вписване в системата | Местоположение - отдел | Цена в лева | Инвентарен номер | Систематично азбучна сигнатура | Баркод | Номер на екземпляра | Цена в евро | Служебна бележка | Служебен тип на артикула |
|---|---|---|---|---|---|---|---|---|---|---|---|---|---|---|---|---|---|---|---|
| Не е изгубен | Universal Decimal Classification | Не е повреден | без рестрикции | ползва се в читалня | 141732 | Регионална библиотека "Любен Каравелов" Русе | Регионална библиотека "Любен Каравелов" Русе | Хранилище | 1986-01-01 | Хранилище | 0.00 | 460173 | Цб 145171 | 120000460173 | 1 | 0.00 | Вид: Сф Дата: 01.01.1986 | Книги |